[Event "2018 O2C Doeberl Cup Premier"]
[Site "Canberra, Australia"]
[Date "2018.03.30"]
[Round "4.4"]
[White "Bjelobrk, Igor"]
[Black "Chapman, Mark"]
[Result "1-0"]
[WhiteElo "2380"]
[BlackElo "2385"]
[PlyCount "109"]
[EventDate "2018.03.29"]

1. d4 d5 2. c4 e6 3. Nf3 c6 4. Qc2 Nf6 5. g3 dxc4 6. Qxc4 b5 7. Qd3 Bb7 8. Bg2
Nbd7 9. O-O a6 10. Be3 c5 11. dxc5 Bxc5 12. Bxc5 Nxc5 13. Qxd8+ Rxd8 14. Rc1
Na4 15. b3 Nb6 16. Ne5 Nfd5 17. Nd3 Ke7 18. Nd2 a5 19. a3 Rc8 20. Nc5 Ba8 21.
e4 Nf6 22. e5 Nfd7 23. Nxd7 Nxd7 24. Bxa8 Rxa8 25. f4 Rhc8 26. Nf3 Nc5 27. Nd4
a4 28. bxa4 bxa4 29. Rab1 g6 30. Rb4 Nb3 31. Rb7+ Kf8 32. Nxb3 axb3 33. Rxc8+
Rxc8 34. Rxb3 h5 35. h4 f6 36. exf6 Kf7 37. Kf2 Kxf6 38. Ke3 e5 39. fxe5+ Kxe5
40. a4 Rc4 41. Ra3 Rc6 42. Kd3 Kf5 43. a5 Kg4 44. Kd4 g5 45. hxg5 Rd6+ 46. Kc4
Rg6 47. a6 Rxg5 48. a7 Rg8 49. a8=Q Rxa8 50. Rxa8 Kxg3 51. Rg8+ Kf3 52. Rh8 Kg4
53. Kd3 h4 54. Ke2 Kg3 55. Kf1 1-0

[Event "2018 O2C Doeberl Cup Premier"]
[Site "Canberra, Australia"]
[Date "2018.03.30"]
[Round "4.5"]
[White "Ma, Qun"]
[Black "Chen, Pengyu"]
[Result "1-0"]
[WhiteElo "2645"]
[BlackElo "2273"]
[PlyCount "77"]
[EventDate "2018.03.29"]

1. e4 c5 2. Nf3 d6 3. d4 cxd4 4. Qxd4 Nc6 5. Bb5 Bd7 6. Bxc6 Bxc6 7. Nc3 Nf6 8.
Bg5 e6 9. O-O-O Be7 10. Qd3 Qa5 11. Bd2 Qc7 12. Nd4 O-O 13. f4 Rfe8 14. Rhg1 d5
15. e5 Nd7 16. g4 a6 17. h4 b5 18. Nce2 b4 19. Kb1 Bb5 20. Qf3 Rec8 21. Be3
Bxe2 22. Qxe2 a5 23. g5 Nf8 24. h5 a4 25. Qd3 Qc4 26. Rg2 a3 27. b3 Qc3 28.
Qxc3 Rxc3 29. Bd2 Rcc8 30. Rc1 Nd7 31. g6 hxg6 32. hxg6 Bc5 33. c3 Nf8 34.
gxf7+ Kxf7 35. Nb5 bxc3 36. Rxc3 Nd7 37. Bc1 Rcb8 38. Nd6+ Kf8 39. Rcg3 1-0

[Event "2018 O2C Doeberl Cup Premier"]
[Site "Canberra, Australia"]
[Date "2018.03.30"]
[Round "4.6"]
[White "Kunte, Abhijit"]
[Black "Puccini, Jack"]
[Result "1-0"]
[WhiteElo "2499"]
[BlackElo "2264"]
[PlyCount "137"]
[EventDate "2018.03.29"]

1. Nf3 Nf6 2. g3 g6 3. b3 Bg7 4. Bb2 O-O 5. Bg2 c5 6. c4 Nc6 7. O-O d6 8. d4
cxd4 9. Nxd4 Bd7 10. e3 Qa5 11. Nc3 Rfc8 12. Qd2 a6 13. Rfd1 Rab8 14. Nce2 Qxd2
15. Rxd2 Ng4 16. Nc3 Nf6 17. Nce2 Ng4 18. Rc1 Nxd4 19. Bxd4 Bc6 20. Nc3 Bxg2
21. Kxg2 Bxd4 22. exd4 Nf6 23. Rdc2 b5 24. cxb5 axb5 25. Nd5 Rxc2 26. Nxf6+
exf6 27. Rxc2 Kf8 28. a4 bxa4 29. bxa4 Ra8 30. Ra2 Ra5 31. Kf3 Ke7 32. Ke4 Ke6
33. d5+ Kd7 34. g4 Kc7 35. Rc2+ Kd7 36. Rc4 Ra8 37. Kd4 Ra5 38. Rb4 Kc7 39. h4
Kc8 40. Rc4+ Kd7 41. f3 Kd8 42. Ke4 Kd7 43. Rb4 Kc8 44. Rd4 Kd7 45. Rc4 Kd8 46.
Kd3 Kd7 47. Kd4 Kd8 48. Rb4 Kc7 49. Ke4 Kc8 50. Ke3 Rxd5 51. Rf4 Kd7 52. Rxf6
Ke7 53. Rf4 Ra5 54. Kd3 Ke6 55. Kc3 g5 56. Re4+ Kf6 57. Kb4 Ra8 58. a5 d5 59.
Re3 d4 60. Ra3 Ke5 61. Kc4 Rc8+ 62. Kd3 Ra8 63. a6 Ra7 64. h5 Ra8 65. h6 Ra7
66. Kc4 Rc7+ 67. Kb5 Rc3 68. Ra5 d3 69. Kb4+ 1-0

[Event "2018 O2C Doeberl Cup Premier"]
[Site "Canberra, Australia"]
[Date "2018.03.30"]
[Round "4.7"]
[White "Chan, Luis"]
[Black "Ikeda, Junta"]
[Result "1/2-1/2"]
[WhiteElo "2210"]
[BlackElo "2415"]
[PlyCount "87"]
[EventDate "2018.03.29"]

1. d4 f5 2. Nc3 Nf6 3. Bg5 d5 4. Bxf6 exf6 5. e3 c6 6. Bd3 Be6 7. Nge2 g6 8. h4
h5 9. a3 Bf7 10. Nf4 Bd6 11. g3 Nd7 12. Nce2 Nb6 13. b3 Qe7 14. Qc1 Bc7 15. Qd2
Kf8 16. Kf1 Kg7 17. c3 Rae8 18. a4 Nc8 19. Qc2 Nd6 20. Rd1 Ne4 21. Bxe4 fxe4
22. c4 g5 23. Ng2 Be6 24. c5 Ba5 25. Rb1 Bb4 26. Nc1 b6 27. Na2 bxc5 28. Nxb4
cxb4 29. Rc1 Bg4 30. Ne1 c5 31. dxc5 Rc8 32. c6 Rc7 33. Qd2 Rhc8 34. hxg5 fxg5
35. Qxd5 Rd8 36. Qc5 Qxc5 37. Rxc5 Kf6 38. f3 exf3 39. Rh2 Rd1 40. Rhc2 h4 41.
gxh4 gxh4 42. R2c4 Bc8 43. Rxh4 Rb1 44. Rf4+ 1/2-1/2

[Event "2018 O2C Doeberl Cup Premier"]
[Site "Canberra, Australia"]
[Date "2018.03.30"]
[Round "4.8"]
[White "Goh, Sean Christian"]
[Black "Lane, Gary W"]
[Result "0-1"]
[WhiteElo "1837"]
[BlackElo "2385"]
[PlyCount "138"]
[EventDate "2018.03.29"]

1. d4 d5 2. c4 dxc4 3. e3 e5 4. Bxc4 Nc6 5. Nf3 e4 6. Nfd2 Qg5 7. Rg1 Nf6 8.
Nc3 Bb4 9. a3 Bxc3 10. bxc3 O-O 11. a4 Na5 12. Ba3 Re8 13. Qc2 Ng4 14. Be2 Qh4
15. Bxg4 Bxg4 16. h3 Bd7 17. Bb4 Nc6 18. Nb3 b6 19. Ba3 a5 20. Nd2 f5 21. Nc4
Be6 22. Nb2 Rab8 23. c4 Nb4 24. Bxb4 axb4 25. d5 Bd7 26. Qb3 Qe7 27. O-O-O Qd6
28. f4 exf3 29. gxf3 Ra8 30. Rg2 Qc5 31. Re1 b5 32. Nd3 Qxc4+ 33. Qxc4 bxc4 34.
Nxb4 Rxa4 35. Nc2 Ra2 36. Ree2 Rb8 37. Nd4 Ra1+ 38. Kd2 Ra3 39. Ke1 g6 40. Kf2
Rd3 41. Kg3 Kf7 42. Kf4 Kf6 43. Nc2 h6 44. h4 Rxd5 45. e4 fxe4 46. fxe4 g5+ 47.
hxg5+ hxg5+ 48. Kf3 Rd3+ 49. Kf2 Kg6 50. Ne3 c3 51. Nd5 Rf8+ 52. Ke1 Ba4 53.
Ne3 Re8 54. Rg4 Rd4 55. Reg2 Re5 56. Rg1 Rdxe4 57. Rxe4 Rxe4 58. Ke2 Rd4 59.
Ng4 c2 60. Ne5+ Kf5 61. Nf3 Rd1 62. Rxg5+ Kf4 63. Rc5 c1=Q 64. Rxc1 Rxc1 65.
Ne1 Bb5+ 66. Kd2 Ra1 67. Nc2 Ra2 68. Kc3 c5 69. Kb3 Rxc2 0-1

[Event "2018 O2C Doeberl Cup Premier"]
[Site "Canberra, Australia"]
[Date "2018.03.30"]
[Round "4.9"]
[White "Dale, Ari"]
[Black "Song, Raymond"]
[Result "1/2-1/2"]
[WhiteElo "2374"]
[BlackElo "2233"]
[PlyCount "69"]
[EventDate "2018.03.29"]

1. d4 Nf6 2. c4 e6 3. Nc3 Bb4 4. e3 O-O 5. Bd3 c5 6. Nf3 d5 7. O-O cxd4 8. exd4
dxc4 9. Bxc4 b6 10. Bg5 Bb7 11. Qe2 Bxc3 12. bxc3 Nbd7 13. Ne5 Rc8 14. Rac1
Nxe5 15. dxe5 Rc5 16. Bh4 Qc7 17. exf6 Rxc4 18. fxg7 Kxg7 19. Bg3 Qc6 20. f3 f6
21. Rce1 Re8 22. Rd1 e5 23. Rd6 Qxd6 24. Qxc4 Rc8 25. Qa4 Rxc3 26. Rd1 Rd3 27.
Rxd3 Qxd3 28. Qxa7 Qb1+ 29. Kf2 Qc2+ 30. Kg1 Qc6 31. h4 e4 32. Qb8 exf3 33.
Qc7+ Qxc7 34. Bxc7 b5 35. g3 1/2-1/2

[Event "2018 O2C Doeberl Cup Premier"]
[Site "Canberra, Australia"]
[Date "2018.03.30"]
[Round "4.10"]
[White "Lo, Willis"]
[Black "Tao, Trevor"]
[Result "0-1"]
[WhiteElo "2005"]
[BlackElo "2366"]
[PlyCount "66"]
[EventDate "2018.03.29"]

1. c4 e6 2. g3 Nf6 3. Bg2 d5 4. Nf3 dxc4 5. Na3 Bxa3 6. bxa3 O-O 7. Bb2 Nbd7 8.
Qc2 Rb8 9. a4 a6 10. Qxc4 b5 11. axb5 axb5 12. Qc2 Bb7 13. O-O c5 14. a4 b4 15.
d3 Qc7 16. e4 Rfd8 17. Rfd1 Rbc8 18. Rac1 Qb8 19. Nd2 Ba6 20. Nc4 Ng4 21. Bf1
Nge5 22. f4 Nf3+ 23. Kf2 Nd4 24. Bxd4 cxd4 25. Qb3 Rc7 26. Rb1 Bxc4 27. dxc4
Nc5 28. Qxb4 Nxe4+ 29. Kg1 Qa7 30. Qb6 g6 31. Qxa7 Rxa7 32. Rb4 Nc3 33. c5 Nxd1
0-1

[Event "2018 O2C Doeberl Cup Premier"]
[Site "Canberra, Australia"]
[Date "2018.03.30"]
[Round "4.11"]
[White "Clarke, Brandon G I"]
[Black "Kethro, Michael"]
[Result "1-0"]
[WhiteElo "2362"]
[BlackElo "2170"]
[PlyCount "127"]
[EventDate "2018.03.29"]

1. e4 c5 2. Nf3 Nc6 3. d4 cxd4 4. Nxd4 g6 5. Nc3 Bg7 6. Be3 Nf6 7. Bc4 O-O 8.
Bb3 a5 9. Ndb5 d6 10. f3 Bd7 11. O-O Ne5 12. Qe2 Bc6 13. Rad1 Ned7 14. a4 b6
15. Bd4 Qb8 16. f4 Qb7 17. e5 Ne4 18. Nxe4 Bxe4 19. exd6 e6 20. Rfe1 Bc6 21.
Nc7 Bxd4+ 22. Rxd4 Rad8 23. Bc4 Nc5 24. Bb5 Rd7 25. Red1 Rfd8 26. b3 Bxb5 27.
Nxb5 Qb8 28. Qe5 Rc8 29. Rc4 Rcd8 30. h4 h5 31. Kh2 Rf8 32. Rc3 Qd8 33. Kh3 Qa8
34. Rd4 Rc8 35. Kh2 Rc6 36. Rg3 Kh7 37. Kh3 Qd8 38. Rc3 Rc8 39. Rd1 Qf8 40. g4
hxg4+ 41. Kxg4 Qh6 42. Qg5 Rh8 43. Kf3 Kg8 44. Rh1 Qg7 45. Rxc5 bxc5 46. Qxc5
Qf8 47. Qc6 Rd8 48. c4 Rh5 49. Kg3 e5 50. Rf1 Rf5 51. Qb6 exf4+ 52. Rxf4 Rxf4
53. Kxf4 Qh6+ 54. Ke5 Qh5+ 55. Kd4 Qxh4+ 56. Kd5 Qh1+ 57. Kc5 Qg1+ 58. Nd4 Qg5+
59. Kc6 Qg2+ 60. Kc7 Qg5 61. Nc6 Rf8 62. d7 Qg3+ 63. Kb7 Kh7 64. d8=Q 1-0

[Event "2018 O2C Doeberl Cup Premier"]
[Site "Canberra, Australia"]
[Date "2018.03.30"]
[Round "4.12"]
[White "Solomon, Stephen J"]
[Black "Bennett, Hilton"]
[Result "1-0"]
[WhiteElo "2349"]
[BlackElo "1911"]
[PlyCount "89"]
[EventDate "2018.03.29"]

1. e4 d5 2. exd5 Nf6 3. d4 Bg4 4. f3 Bf5 5. Bb5+ Nbd7 6. Nc3 a6 7. Ba4 b5 8.
Bb3 Nb6 9. Nge2 Nfxd5 10. Nxd5 Nxd5 11. Ng3 Bc8 12. O-O e6 13. c3 g6 14. a4 Bb7
15. axb5 axb5 16. Rxa8 Bxa8 17. Qe2 Bc6 18. Qe5 Rg8 19. Bg5 Be7 20. Ne4 Bxg5
21. Nxg5 Qd6 22. Nxh7 Qxe5 23. dxe5 Ke7 24. Ra1 Ra8 25. Rxa8 Bxa8 26. Bxd5 Bxd5
27. Kf2 Bc4 28. h4 c5 29. Ke3 Bd5 30. g4 Bb3 31. Nf6 b4 32. Ne4 bxc3 33. bxc3
c4 34. Nd2 Bc2 35. Nxc4 f5 36. exf6+ Kxf6 37. f4 Bd1 38. Ne5 Bc2 39. c4 Ke7 40.
c5 Kd8 41. h5 gxh5 42. gxh5 Bf5 43. h6 Kc7 44. Kd4 Bc2 45. Nd3 1-0

[Event "2018 O2C Doeberl Cup Premier"]
[Site "Canberra, Australia"]
[Date "2018.03.30"]
[Round "4.13"]
[White "Brown, Andrew"]
[Black "Cannon, David"]
[Result "1-0"]
[WhiteElo "2278"]
[BlackElo "2159"]
[PlyCount "283"]
[EventDate "2018.03.29"]

1. Nf3 Nf6 2. c4 g6 3. Nc3 Bg7 4. e4 d6 5. d4 O-O 6. Be2 e5 7. Be3 exd4 8. Nxd4
Re8 9. f3 c6 10. O-O d5 11. cxd5 cxd5 12. Bb5 Bd7 13. Bxd7 Qxd7 14. Qb3 dxe4
15. Rad1 exf3 16. Rxf3 Ng4 17. Ndb5 Qe7 18. Nd5 Qe5 19. Bf4 Qe2 20. Ndc3 Bxc3
21. Nxc3 Qe6 22. Qxe6 fxe6 23. h3 e5 24. hxg4 exf4 25. Nd5 Nd7 26. Nc7 Ne5 27.
Rff1 g5 28. Nxa8 Rxa8 29. Rd5 Re8 30. g3 f3 31. Rd4 Kf7 32. Rc1 Re7 33. Rc3 Kf6
34. Kf2 Rf7 35. Re3 Re7 36. Rde4 Re6 37. b3 Re7 38. a3 Re6 39. a4 b6 40. b4 a6
41. b5 axb5 42. axb5 Re7 43. Ra4 Re6 44. Rc3 h6 45. Rc7 Kg6 46. Rc3 Rf6 47. Rc1
Re6 48. Re1 Kf6 49. Rd1 Ke7 50. Kf1 Kf6 51. Re4 Ke7 52. Kf2 Kf6 53. Rdd4 Ke7
54. Rd2 Kf6 55. Rd5 Nd3+ 56. Ke3 Ne5 57. Kf2 Nd3+ 58. Kxf3 Ne1+ 59. Ke3 Nc2+
60. Kf3 Ne1+ 61. Rxe1 Rxe1 62. Rd6+ Re6 63. Rxe6+ Kxe6 64. Ke4 Kd6 65. Kd4 Ke6
66. Ke4 Kd6 67. Kf5 Kc5 68. Kg6 Kxb5 69. Kxh6 Ka4 70. Kxg5 b5 71. Kf6 b4 72. g5
b3 73. g6 b2 74. g7 b1=Q 75. g8=Q Qb2+ 76. Kg5 Qd2+ 77. Kg4 Ka3 78. Qf8+ Ka2
79. Qf7+ Ka1 80. Qf6+ Ka2 81. Qe6+ Ka1 82. Qe5+ Ka2 83. Kf5 Qd3+ 84. Kg5 Qd8+
85. Kh5 Qd1+ 86. g4 Qf3 87. Qe6+ Kb2 88. Kg6 Qh3 89. Qe5+ Kc1 90. Qf4+ Kd1 91.
Qd4+ Kc1 92. g5 Qc8 93. Qg1+ Kb2 94. Qg2+ Kc1 95. Qf1+ Kb2 96. Qf5 Qg8+ 97. Kh6
Qh8+ 98. Qh7 Qc8 99. Qg7+ Kc1 100. Qa1+ Kc2 101. Qa2+ Kc1 102. Qa3+ Kc2 103.
Qa4+ Kc1 104. Qf4+ Kc2 105. Qe4+ Kc1 106. Qf4+ Kc2 107. g6 Qh8+ 108. Kg5 Qd8+
109. Kh5 Qd5+ 110. Kh6 Qe6 111. Kh7 Qh3+ 112. Qh6 Qf5 113. Qh2+ Kb1 114. Qb8+
Ka1 115. Qa7+ Kb1 116. Qb6+ Ka1 117. Qa6+ Kb1 118. Qd6 Ka1 119. Kg8 Qc8+ 120.
Kf7 Qc4+ 121. Ke7 Qe4+ 122. Qe6 Qb4+ 123. Kf7 Qb7+ 124. Kg8 Qb8+ 125. Kg7 Qc7+
126. Qf7 Qc8 127. Qf6+ Kb1 128. Qf1+ Kb2 129. Kh7 Qc2 130. Qf6+ Kb1 131. Qd6
Qf5 132. Kh6 Qh3+ 133. Kg5 Qg2+ 134. Kf5 Qf3+ 135. Ke5 Qg3+ 136. Kd5 Qd3+ 137.
Kc5 Qa3+ 138. Kc6 Qa6+ 139. Kc7 Qa7+ 140. Kc8 Qg7 141. Qb8+ Ka2 142. Qa8+ 1-0

[Event "2018 O2C Doeberl Cup Premier"]
[Site "Canberra, Australia"]
[Date "2018.03.30"]
[Round "4.14"]
[White "Lai, Cyrus Ho-Yeung"]
[Black "Smirnov, Anton"]
[Result "0-1"]
[WhiteElo "1909"]
[BlackElo "2543"]
[PlyCount "166"]
[EventDate "2018.03.29"]

1. e4 c5 2. Nf3 d6 3. d4 cxd4 4. Nxd4 Nf6 5. Nc3 a6 6. Bg5 Nbd7 7. f4 Qc7 8.
Qf3 h6 9. Bxf6 Nxf6 10. f5 Qc5 11. O-O-O g5 12. Nd5 Nxd5 13. exd5 Bg7 14. Qe4
Bxd4 15. Qxd4 Qxd4 16. Rxd4 Bxf5 17. Be2 Rc8 18. c3 O-O 19. h4 Kg7 20. Kd2 Rcd8
21. Rb4 Rd7 22. Bf3 Rb8 23. hxg5 hxg5 24. Rh5 f6 25. Rh1 e5 26. dxe6 Bxe6 27.
a3 b6 28. Rd4 d5 29. Re1 Rd6 30. Re3 Rbd8 31. Ke1 f5 32. Kf2 Kf6 33. Red3 a5
34. g3 Bf7 35. Rd2 Ke7 36. Re2+ Be6 37. Red2 R8d7 38. Bg2 Bf7 39. Bf3 Kf6 40.
R2d3 Rd8 41. Rd2 R6d7 42. R2d3 Ke6 43. Re3+ Kd6 44. Red3 Kc7 45. Rd2 Rd6 46.
R2d3 Rh8 47. Rd2 Rhd8 48. R2d3 b5 49. Rd2 a4 50. R2d3 Kb6 51. Rd2 Kc5 52. R2d3
Re8 53. Rd2 Re5 54. R2d3 Rh6 55. Rd2 Rh2+ 56. Bg2 Be6 57. Kg1 Rh8 58. Kf2 Rd8
59. Bf3 Rd6 60. R2d3 Bd7 61. Rd2 Bc6 62. R2d3 Rh6 63. Bg2 Re4 64. Rd2 Rxd4 65.
Rxd4 Rf6 66. Ke3 Kd6 67. Bf1 Re6+ 68. Kf2 Re4 69. Bd3 Re5 70. Rb4 Kc5 71. Rd4
Bd7 72. Rb4 Re8 73. Rd4 Rh8 74. Kg2 Rc8 75. Kf2 Kd6 76. Be2 Ke5 77. Ke3 Rh8 78.
Bf1 Rh2 79. Rb4 Be8 80. Bd3 Bh5 81. Bxb5 f4+ 82. gxf4+ gxf4+ 83. Kd3 Bg6+ 0-1

[Event "2018 O2C Doeberl Cup Premier"]
[Site "Canberra, Australia"]
[Date "2018.03.30"]
[Round "4.15"]
[White "Otawa, Yuto"]
[Black "Liu, Yi"]
[Result "1-0"]
[WhiteElo "1895"]
[BlackElo "2322"]
[PlyCount "105"]
[EventDate "2018.03.29"]

1. d4 d5 2. c4 e6 3. Nc3 c6 4. e3 Nd7 5. Nf3 f5 6. Bd3 Ngf6 7. O-O Bd6 8. b3
Ne4 9. Bb2 O-O 10. Ne2 Qf6 11. Ne1 Qh6 12. g3 Ndf6 13. Qb1 Ng4 14. Nf3 Ng5 15.
Nh4 Nxh2 16. f4 Ne4 17. Kxh2 g5 18. Kg2 gxh4 19. Rh1 Rf6 20. Rxh4 Qg7 21. Bxe4
fxe4 22. Ba3 Bc7 23. Qg1 Bd7 24. Qh2 Be8 25. Kh1 a5 26. g4 Bg6 27. Bb2 a4 28.
b4 a3 29. Bc3 dxc4 30. d5 Qe7 31. dxe6 Rxe6 32. Nd4 Rf8 33. Nf5 Rxf5 34. gxf5
Bxf5 35. Rh6 Kf8 36. Rg1 Rg6 37. Rhxg6 hxg6 38. Kg2 Be6 39. Qh6+ Ke8 40. Qxg6+
Bf7 41. Qh6 Bd6 42. Rd1 Bxb4 43. Bxb4 Qxb4 44. Qh8+ Ke7 45. Qd4 Ke6 46. Qd7+
Kf6 47. Rd6+ Kg7 48. Qg4+ Kf8 49. Rd8+ Be8 50. Qf5+ Ke7 51. Qg5+ Kf7 52. Qh5+
Kg7 53. Qxe8 1-0

[Event "2018 O2C Doeberl Cup Premier"]
[Site "Canberra, Australia"]
[Date "2018.03.30"]
[Round "4.16"]
[White "Hu, Jason"]
[Black "Winkelman, Albert"]
[Result "1/2-1/2"]
[WhiteElo "2157"]
[BlackElo "2010"]
[PlyCount "91"]
[EventDate "2018.03.29"]

1. d4 Nf6 2. Nf3 d5 3. g3 e6 4. Bg2 Be7 5. O-O O-O 6. c4 dxc4 7. Ne5 Nc6 8.
Nxc6 bxc6 9. e3 Rb8 10. Qa4 Rb6 11. Rd1 Nd5 12. Qxc4 Ba6 13. Qc2 Nb4 14. Qd2
Qc8 15. Nc3 Rd8 16. a3 Nd5 17. Na4 Rb8 18. Qc2 e5 19. e4 Nb6 20. dxe5 Nxa4 21.
Qxa4 Qg4 22. Rxd8+ Rxd8 23. Be3 Qe2 24. Bf1 Qxb2 25. Rc1 Bxf1 26. Kxf1 c5 27.
Qxa7 Qxe5 28. Qb7 Qe6 29. a4 c6 30. Qb1 c4 31. Qc2 c3 32. Ra1 Qc4+ 33. Kg2 Bb4
34. a5 Ra8 35. Bb6 Qb5 36. Qb3 h6 37. Rb1 Bxa5 38. Qxb5 cxb5 39. Rxb5 Bxb6 40.
Rxb6 Rc8 41. Rb1 f6 42. Kf3 Kf7 43. Ke3 c2 44. Rc1 Ke6 45. f3 Rc3+ 46. Kd4
1/2-1/2

[Event "2018 O2C Doeberl Cup Premier"]
[Site "Canberra, Australia"]
[Date "2018.03.30"]
[Round "4.17"]
[White "Zulfic, Fedja"]
[Black "Prasad, Lalit"]
[Result "1-0"]
[WhiteElo "2156"]
[BlackElo "1986"]
[Annotator "Paul"]
[PlyCount "83"]
[EventDate "2018.03.29"]

1. d4 Nf6 2. c4 g6 3. Nc3 Bg7 4. e4 d6 5. Nf3 O-O 6. Be2 Na6 7. O-O e5 8. Re1
exd4 9. Nxd4 Nc5 10. Bf1 Re8 11. f3 c6 12. Be3 h5 13. Qd2 h4 14. b4 Ncd7 15.
Rad1 Ne5 16. Bg5 h3 17. f4 hxg2 18. Qxg2 Neg4 19. h3 Qb6 20. hxg4 Nxg4 21. e5
dxe5 22. a3 f6 23. c5 Qc7 24. Bh4 Bh6 25. Bc4+ Kg7 26. Ne6+ Bxe6 27. Bxe6 Rxe6
28. Qxg4 f5 29. Qh3 Bxf4 30. Ne4 Rae8 31. Nd6 Rh8 32. Qb3 Re7 33. Qh3 Bg5 34.
Qg2 Bxh4 35. Nxf5+ Kf7 36. Nxh4 Rxh4 37. Rd6 Rh6 $11 38. Qg5 Kg7 39. Rxe5 Rxe5
40. Qxe5+ Kh7 41. Qe6 Qg7 42. Rd7 1-0

[Event "2018 O2C Doeberl Cup Premier"]
[Site "Canberra, Australia"]
[Date "2018.03.30"]
[Round "4.18"]
[White "Slater-Jones, Henry"]
[Black "Litchfield, Frederick"]
[Result "0-1"]
[WhiteElo "1869"]
[BlackElo "2054"]
[PlyCount "36"]
[EventDate "2018.03.29"]

1. d4 d5 2. c4 c6 3. Nc3 Nf6 4. e3 Bf5 5. Qb3 Qb6 6. c5 Qc7 7. Nf3 Nbd7 8. Be2
e6 9. O-O Be7 10. Bd2 h6 11. Na4 Ne4 12. Bb4 g5 13. Rfd1 g4 14. Nd2 Nxf2 15.
Kxf2 Qxh2 16. Nf3 gxf3 17. Bxf3 Rg8 18. Rh1 Bh4+ 0-1

[Event "2018 O2C Doeberl Cup Premier"]
[Site "Canberra, Australia"]
[Date "2018.03.30"]
[Round "4.19"]
[White "Parle, Hughston"]
[Black "Huang, Jimmy Ching-Chih"]
[Result "1-0"]
[WhiteElo "2033"]
[BlackElo "1890"]
[PlyCount "65"]
[EventDate "2018.03.29"]

1. e4 e6 2. d3 c5 3. Nf3 Nc6 4. g3 Nf6 5. Bg2 Be7 6. O-O O-O 7. Nbd2 d5 8. e5
Ne8 9. Re1 b5 10. h4 b4 11. Nf1 a5 12. N1h2 a4 13. Ng5 Nd4 14. c3 bxc3 15. bxc3
Nf5 16. Ng4 Bb7 17. Rb1 Bc6 18. c4 Qd7 19. Ne3 Nxe3 20. Bxe3 d4 21. Bd2 Bxg2
22. Kxg2 Qc6+ 23. Qf3 Qxf3+ 24. Kxf3 Nc7 25. Rb7 Bxg5 26. hxg5 Na6 27. Reb1
Rfb8 28. a3 g6 29. Rxb8+ Rxb8 30. Rb5 Rxb5 31. cxb5 Nb8 32. Ba5 Kf8 33. Bc7 1-0

[Event "2018 O2C Doeberl Cup Premier"]
[Site "Canberra, Australia"]
[Date "2018.03.30"]
[Round "4.20"]
[White "Goldsmith, Alan D"]
[Black "Mallari, Donato"]
[Result "1-0"]
[WhiteElo "2179"]
[BlackElo "1966"]
[PlyCount "53"]
[EventDate "2018.03.29"]

1. e4 c5 2. b4 e6 3. bxc5 Bxc5 4. d4 Be7 5. Nf3 d6 6. Bd3 Nf6 7. O-O Nbd7 8.
Nc3 Qc7 9. Nb5 Qb8 10. e5 dxe5 11. dxe5 Nxe5 12. Nxe5 Qxe5 13. Rb1 a6 14. Re1
Qb8 15. Nd4 Qc7 16. Qf3 O-O 17. Rb3 Qa5 18. Qe4 Kh8 19. Bb2 Qc7 20. Nf3 b5 21.
Ng5 h6 22. Be5 Qd8 23. Bxf6 Bxf6 24. Nh7 Rg8 25. Qf3 Ra7 26. Nxf6 Qxf6 27. Qe4
1-0

[Event "2018 O2C Doeberl Cup Premier"]
[Site "Canberra, Australia"]
[Date "2018.03.31"]
[Round "5.1"]
[White "Gareyev, Timur"]
[Black "Sengupta, Deep"]
[Result "1-0"]
[WhiteElo "2590"]
[BlackElo "2579"]
[PlyCount "55"]
[EventDate "2018.03.29"]

1. d4 d5 2. c4 c6 3. Nc3 Nf6 4. Nf3 dxc4 5. a4 Bf5 6. Nh4 e6 7. Nxf5 exf5 8. e3
Bd6 9. Bxc4 O-O 10. Qc2 g6 11. O-O Nbd7 12. a5 Rc8 13. Qb3 c5 14. Be2 Qc7 15.
g3 Ne4 16. Nb5 Qb8 17. a6 b6 18. Qd5 Rcd8 19. Qb7 Qxb7 20. axb7 Bb8 21. f3 Nef6
22. Nxa7 Bxa7 23. Rxa7 Nb8 24. dxc5 bxc5 25. e4 Nfd7 26. Bb5 f6 27. Bh6 Rfe8
28. Bf4 1-0

[Event "2018 O2C Doeberl Cup Premier"]
[Site "Canberra, Australia"]
[Date "2018.03.31"]
[Round "5.2"]
[White "Morris, James"]
[Black "Bjelobrk, Igor"]
[Result "1/2-1/2"]
[WhiteElo "2461"]
[BlackElo "2380"]
[PlyCount "205"]
[EventDate "2018.03.29"]

1. e4 e5 2. Nf3 Nc6 3. Bb5 Nf6 4. d3 Bc5 5. O-O d6 6. h3 O-O 7. c3 Bb6 8. Nbd2
Ne7 9. Nc4 Ng6 10. Ba4 Be6 11. Bb3 Bxc4 12. Bxc4 c6 13. Bb3 h6 14. Nh2 Qd7 15.
Ng4 Nh7 16. Ne3 Kh8 17. d4 Rad8 18. Re1 Rfe8 19. Nc4 Bc7 20. d5 Nf6 21. dxc6
bxc6 22. Ba4 Bb8 23. Na5 Rc8 24. Qf3 Re6 25. g3 d5 26. exd5 Qxd5 27. Qxd5 cxd5
28. Bc2 Ne7 29. Nb3 d4 30. Nd2 dxc3 31. bxc3 Kg8 32. Bb3 Rec6 33. Ne4 Nxe4 34.
Rxe4 Rxc3 35. Bb2 R3c6 36. Rd1 Rd6 37. Rde1 Ng6 38. h4 Rd2 39. h5 Nf8 40. Bxe5
Bxe5 41. Rxe5 Rd7 42. Re7 Rxe7 43. Rxe7 Ne6 44. Rxa7 Rc5 45. g4 Rg5 46. Ra8+
Kh7 47. Bxe6 fxe6 48. f3 g6 49. Ra7+ Kg8 50. hxg6 h5 51. Ra4 Kg7 52. Kf2 Kxg6
53. Kg3 Rc5 54. Re4 hxg4 55. Kxg4 Kf6 56. a4 Rc3 57. Rb4 Ra3 58. Kf4 e5+ 59.
Ke4 Ke6 60. Rb6+ Kd7 61. Ra6 Ke7 62. Ra5 Kf6 63. Ra8 Ke6 64. a5 Ra4+ 65. Ke3
Kd5 66. a6 Ra3+ 67. Kf2 Ra2+ 68. Kg3 Kd4 69. a7 Ke3 70. Kg4 Ra5 71. f4 Ra4 72.
Kg5 exf4 73. Re8+ Kd2 74. a8=Q Rxa8 75. Rxa8 f3 76. Kf4 f2 77. Ra2+ Ke1 78. Ke3
f1=N+ 79. Kd3 Ng3 80. Rg2 Nf1 81. Re2+ Kd1 82. Re5 Nd2 83. Rh5 Nf1 84. Rf5 Ke1
85. Rf3 Nd2 86. Re3+ Kd1 87. Rg3 Nf1 88. Rg2 Ke1 89. Re2+ Kd1 90. Rb2 Ke1 91.
Ra2 Ng3 92. Ra8 Nf1 93. Rg8 Kf2 94. Rf8+ Ke1 95. Rf7 Ng3 96. Rg7 Nf1 97. Rg2
Kd1 98. Re2 Ng3 99. Ra2 Ke1 100. Ke3 Nf1+ 101. Kf4 Nd2 102. Kg3 Ke2 103. Rxd2+
1/2-1/2

[Event "2018 O2C Doeberl Cup Premier"]
[Site "Canberra, Australia"]
[Date "2018.03.31"]
[Round "5.3"]
[White "Tao, Trevor"]
[Black "Ma, Qun"]
[Result "1-0"]
[WhiteElo "2366"]
[BlackElo "2645"]
[PlyCount "104"]
[EventDate "2018.03.29"]

1. d4 d5 2. Bf4 c5 3. dxc5 Nc6 4. e4 Nf6 5. exd5 Nxd5 6. Bg3 e5 7. c4 Nc7 8.
Qxd8+ Kxd8 9. Nc3 Bxc5 10. O-O-O+ Ke8 11. Ne4 Be7 12. f4 f5 13. Nd6+ Bxd6 14.
Rxd6 e4 15. Ne2 Kf7 16. Nc3 Ne6 17. Be2 Ned4 18. Bh5+ g6 19. Bd1 Be6 20. Bh4
Rhc8 21. b3 Rc7 22. Kd2 Rd7 23. Rxd7+ Bxd7 24. Ke3 h6 25. Rf1 Ne6 26. Nd5 Nc5
27. b4 Ne6 28. a3 Rf8 29. Bf6 Nc7 30. Bb2 Rc8 31. Bb3 Be6 32. Rd1 Ne7 33. Be5
Ne8 34. b5 Rd8 35. a4 b6 36. h4 h5 37. Nxe7 Kxe7 38. Rxd8 Kxd8 39. Bb8 Kc8 40.
Bxa7 Nd6 41. Bxb6 Bxc4 42. Bc2 Bxb5 43. axb5 Nc4+ 44. Kd4 Nxb6 45. Bb3 Nd7 46.
Bf7 Nf8 47. Ke5 Nd7+ 48. Kd4 Nf8 49. Bc4 Nd7 50. Be2 Kc7 51. Kd5 e3 52. Kd4 Kb6
1-0

[Event "2018 O2C Doeberl Cup Premier"]
[Site "Canberra, Australia"]
[Date "2018.03.31"]
[Round "5.4"]
[White "Clarke, Brandon G I"]
[Black "Kunte, Abhijit"]
[Result "1/2-1/2"]
[WhiteElo "2362"]
[BlackElo "2499"]
[PlyCount "54"]
[EventDate "2018.03.29"]

1. e4 c5 2. Nf3 e6 3. d4 cxd4 4. Nxd4 a6 5. Bd3 Nf6 6. O-O Qc7 7. Qe2 d6 8. f4
Nbd7 9. c4 Be7 10. b3 O-O 11. Bb2 Nc5 12. Bc2 e5 13. fxe5 dxe5 14. Nf3 Bg4 15.
Nc3 Ne6 16. Nd5 Bxf3 17. Rxf3 Bc5+ 18. Kh1 Nxd5 19. exd5 Nd4 20. Bxd4 exd4 21.
Bxh7+ Kxh7 22. Rh3+ Kg8 23. Qh5 f6 24. Re1 Qf4 25. Qh7+ Kf7 26. Qh5+ Kg8 27.
Qh7+ Kf7 1/2-1/2

[Event "2018 O2C Doeberl Cup Premier"]
[Site "Canberra, Australia"]
[Date "2018.03.31"]
[Round "5.5"]
[White "Solomon, Stephen J"]
[Black "Mu, Ke"]
[Result "0-1"]
[WhiteElo "2349"]
[BlackElo "2450"]
[PlyCount "120"]
[EventDate "2018.03.29"]

1. e4 e6 2. d4 d5 3. Nd2 Nc6 4. Ngf3 Nf6 5. e5 Nd7 6. Nb3 a5 7. a4 Be7 8. c3
O-O 9. Bd3 f6 10. exf6 Bxf6 11. h4 Qe8 12. Ng5 Bxg5 13. hxg5 g6 14. f4 e5 15.
dxe5 Ndxe5 16. Be2 Ng4 17. Qxd5+ Be6 18. Qf3 Nge5 19. Qg3 Bxb3 20. fxe5 Nxe5
21. Rf1 Qe7 22. Rf4 Rae8 23. Kf2 Nf7 24. Be3 Nd6 25. Bd3 Qe5 26. Rf1 Bc4 27.
Kg1 Rxf4 28. Bxf4 Qc5+ 29. Kh2 Nf5 30. Qf2 Qd5 31. Re1 Rf8 32. Be4 Qf7 33. Qc5
Ng7 34. Be5 c6 35. Re3 Re8 36. Rf3 Qe6 37. Bxg7 Kxg7 38. Qd4+ Qe5+ 39. Rf4 Qxd4
40. cxd4 Bb3 41. Bf3 Rd8 42. Kg3 Bc2 43. d5 cxd5 44. Rd4 Bb3 45. Kf4 Rf8+ 46.
Ke5 Rf5+ 47. Kd6 Rxg5 48. Kc7 Re5 49. Kxb7 Re6 50. Kc7 h5 51. Bxd5 Bxd5 52.
Rxd5 Re2 53. b3 Rxg2 54. Rxa5 h4 55. Rc5 h3 56. Rc1 h2 57. Rh1 g5 58. a5 g4 59.
a6 g3 60. Rd1 Ra2 0-1